[Event "Wch U14 blitz"]
[Site "Terme Catez"]
[Date "2024.12.16"]
[Round "1"]
[White "Pecotic, Rudi"]
[Black "Dau, Khuong Duy"]
[Result "0-1"]
[WhiteElo "1772"]
[BlackElo "2363"]
[PlyCount "67"]
[EventDate "2024.12.16"]
[EventType "swiss (blitz)"]
[EventRounds "22"]
[EventCountry "SLO"]
[SourceTitle "CB51_2024"]
[SourceDate "2024.12.18"]
[SourceVersion "1"]
[SourceVersionDate "2024.12.18"]
[SourceQuality "1"]

1. e4 c5 2. Nf3 d6 3. d4 cxd4 4. Nxd4 Nf6 5. Nc3 g6 6. Be3 Bg7 7. Qd2 Ng4 8. Bg5 h6 9. Bh4 Nc6 10. Bb5 Bd7 11. Nxc6 bxc6 12. Be2 Rb8 13. f3 Nf6 14. Rb1 0-0 15. 0-0 Qa5 16. a3 Be6 17. Be1 Rb7 18. Qc1 Qc7 19. b4 Nd7 20. Qd2 Nb6 21. Bf2 Nc4 22. Bxc4 Bxc4 23. Rfd1 a5 24. bxa5 Rxb1 25. Rxb1 Qxa5 26. Be1 Qxa3 27. Nd1 Bb5 28. c3 Ra8 29. Qb2 Qxb2 30. Nxb2 Ra2 31. Kf2 Bd3 32. Rd1 Rxb2+ 33. Ke3 Bb5 34. Ra1 0-1

[Event "CRO-ch U13"]
[Site "Trogir"]
[Date "2023.06.21"]
[Round "2"]
[White "Kaselic, Noa"]
[Black "Pecotic, Rudi"]
[Result "1-0"]
[WhiteElo "1373"]
[BlackElo "1170"]
[PlyCount "41"]
[EventDate "2023.06.21"]
[EventType "swiss"]
[EventRounds "9"]
[EventCountry "CRO"]
[SourceTitle "EXT 2024"]
[Source "ChessBase"]
[SourceDate "2023.10.10"]
[SourceVersion "1"]
[SourceVersionDate "2023.10.10"]
[SourceQuality "1"]

1. e4 e5 2. Nf3 Nf6 3. Nxe5 d6 4. Nf3 Nxe4 5. Nc3 Nxc3 6. dxc3 Be7 7. Bd3 0-0 8. 0-0 Nc6 9. h3 Bf6 10. Bf4 Be6 11. Qd2 h6 12. Rfe1 Qd7 13. Kh2 a6 14. Bxh6 gxh6 15. Qxh6 Rfe8 16. Qxf6 Ne7 17. Qg5+ Kf8 18. Qh6+ Kg8 19. Bh7+ Kh8 20. Ng5 Nc6 21. Qf6# 1-0